000 00347nam a2200145Ia 4500
008 230511s1998 xx 000 0 und d
041 _aeng
082 _a345.067
100 _aBansal B L
245 _aMedical Jurisprudence
250 _a1st
260 _aNagpur
_bNagpur Law House
_c1998
300 _a652
906 _aMedical Jurisprudence
999 _c345079
_d345079